01948cam a2200241 a 4500003000400000005001700004008004100021015000800062020001800070040002200088041000800110082002800118100004000146245016900186260006300355300002900418490002700447504006200474505100700536600006701543650004901610651004701659OSt20201009152011.0080312s2007 ck r 000 0 spa d aSSS a9789589841907 aCO-BoPUJcCO-JMCR0 aspa04a986.10631092bA973p2231 aAyala Diago, César Augustoeautor13aEl porvenir del pasado : bGilberto Alzate Avendaño, sensibilidad leoparda y democracia : la derecha colombiana de los años treintacCésar Augusto Ayala Diago aBogota : bFundación Gilberto Alzate Avendaño, c2007. a559 páginas ; c24 cm.0 aLa Carreta histórica aIncluye referencias bibliográficas : páginas. 551-5590 aPara comprender a Gilberto Alzate Avendaño. -- Gilberto Alzate Avendaño: entre la universidad y la política. -- Gilberto Alzate Avendaño y la páginas universitaria de el colombiano. -- La movilización electoral y el fin de la república conservadora. -- En la encrucijada de los años treinta. -- Las primeras elecciones de la República Liberal y la liberación del electorado colombiano -- La exposición de las derechas. La Acción Nacional Derechista. -- Alzate: la estrategia de la procesionalidad y la conquista en la calle. -- Gilberto Alzate Avendaño y la secretaria general del partido conservador. -- Alzate, las derechas y la creación de un partido propio. -- Campaña electoral conservadora con banderas del nacionalismo leopardo. -- La sensibilidad leoparda, Alzate y la candidatura presidencial de Mariano Ospina Pérez. -- La socialización oral del discurso dela sensibilidad Leoparda. -- La decantación nacionalista. -- Auge, crisis y disolución de la ANP.14aAlzate Avendaño, Gilbertod1910-1960xPensamiento político14aDerechas e izquierdas (Ciencias políticas)24aColombiaxPolítica y gobiernoy1929-1939